01392cam a2200241 a 45000010009000000050017000090080041000260200018000670400013000850820019000981000022001172450138001392600040002773000036003175000051003535200570004045460008009746500047009826500056010296500028010856500019011137000018011321562247420260617152240.0090212s2009 caua b 001 0 eng  a9780470449493 cPK-LaUMTT0a378.101bKOM-L1 aKomives, Susan R.10aLeadership for a better world :bunderstanding the social change model of leadership development /cSusan R. Komives and Wendy Wagner aSan Francisco :bJossey-Bass,c2009 axxxiv, 462 p. :bill. ;c23 cm. aIncludes bibliographical references and index. aThis book offers an approachable student textbook that engages the reader in understanding the nature of social change and the dimensions of leadership that help one become an effective change agent. The text includes case studies, reflection questions, and learning activities to help facilitate engagement with the Social Change Model of Leadership Development that is at the core of the book. Written and edited by some of the country's most recognized and active scholars and educators in student leadership, the book has been field-tested by leadership faculty aEng 0aUniversities and collegesxAdministration. 0aCollege administratorsxProfessional relationships. 0aEducational leadership. 0aSocial change.1 aWagner, Wendy